01453nam a2200349 a 4500001001100000003000800011006001900019007001500038008004100053010001700094020002800111040002100139035002000160050002200180082001500202100002600217245009000243260004700333300002500380490008300405504006600488533015200554650003800706650002500744651003900769651003900808655002900847710001700876830007200893856012500965999001301090ebr5004003CaPaEBRm u cr cn|||||||||000523s2001 ctua sb 001 0 eng  z 00042224  z0313299072 (alk. paper) aCaPaEBRcCaPaEBR a(OCoLC)5143148114aE806b.H56 2001eb04a973.922211 aHimmelberg, Robert F.14aThe Great Depression and the New Dealh[electronic resource] /cRobert F. Himmelberg. aWestport, Conn. :bGreenwood Press,c2001. axxii, 184 p. :bill.1 aGreenwood Press guides to historic events of the twentieth century,x1092-177X aIncludes bibliographical references (p. [161]-178) and index. aElectronic reproduction.bPalo Alto, Calif. :cebrary,d2013.nAvailable via World Wide Web.nAccess may be limited to ebrary affiliated libraries. 0aDepressionsy1929zUnited States. 0aNew Deal, 1933-1939. 0aUnited StatesxHistoryy1919-1933. 0aUnited StatesxHistoryy1933-1945. 7aElectronic books.2local2 aebrary, Inc. 0aGreenwood Press guides to historic events of the twentieth century.40uhttp://site.ebrary.com/lib/rucke/Doc?id=5004003zAn electronic book accessible through the World Wide Web; click to view c690d690